| 000 | 00000nam 2200000zi 4500 |
| 001 | 9.939542 |
| 003 | CaOODSP |
| 005 | 20250109130555 |
| 006 | m o d f |
| 007 | cr mn||||||||| |
| 008 | 240619s1984 onca ob f000 0 eng d |
| 040 | |aCaOODSP|beng|erda|cCaOODSP |
| 086 | 1 |aCo26-28/1984E-PDF |
| 100 | 1 |aCarey, Tom, |eauthor. |
| 245 | 10|aUser interface tools for office communications systems / |cDr. Tom Carey. |
| 264 | 1|a[Ottawa] : |bOffice Communications Systems Program = Programme de la bureautique, |c[1984?] |
| 300 | |a1 online resource (1 volume (various pagings)) : |billustrations |
| 336 | |atext|btxt|2rdacontent |
| 337 | |acomputer|bc|2rdamedia |
| 338 | |aonline resource|bcr|2rdacarrier |
| 500 | |aIssued also in French under title: Outils de travail pour la conception d'interfaces d'utilisateurs des systèmes de bureautique |
| 500 | |aDigitized edition from print [produced by Innovation, Science and Economic Development Canada]. |
| 504 | |aIncludes bibliographical references. |
| 650 | 0|aUser interfaces (Computer systems) |
| 650 | 0|aOffice information systems. |
| 710 | 1 |aCanada. |bDepartment of Communications, |eissuing body. |
| 775 | 08|tOutils de travail pour la conception d'interfaces d'utilisateurs des systèmes de bureautique / |w(CaOODSP)9.946673 |
| 856 | 40|qPDF|s980 KB|uhttps://publications.gc.ca/collections/collection_2025/isde-ised/co26/Co26-28-1984-eng.pdf |